[Event "Caioba Telecom op"]
[Site "Caioba"]
[Date "2017.10.01"]
[Round "8"]
[White "Wilberger, Marcelo"]
[Black "Da Silva, Daniel Pereira"]
[Result "0-1"]
[WhiteElo "1619"]
[BlackElo "1731"]
[PlyCount "65"]
[EventDate "2017.09.28"]
[EventType "swiss"]
[EventRounds "8"]
[EventCountry "BRA"]
[SourceTitle "EXT 2020"]
[Source "ChessBase"]
[SourceDate "2019.10.17"]
[SourceVersion "1"]
[SourceVersionDate "2019.10.17"]
[SourceQuality "1"]

1. e4 c5 2. Nc3 e6 3. g3 Nc6 4. Nge2 Qc7 5. Bg2 a6 6. 0-0 Nf6 7. d4 cxd4 8. Nxd4 Bb4 9. Be3 Nxd4 10. e5 Nf5 11. exf6 Nxe3 12. fxg7 Rg8 13. fxe3 Bxc3 14. bxc3 Qxc3 15. Qd4 Qxd4 16. exd4 Rxg7 17. d5 d6 18. dxe6 fxe6 19. c4 Rb8 20. Rab1 Rc7 21. Rf4 e5 22. Rh4 Bf5 23. Rb6 Ke7 24. Bd5 Bg6 25. Kf2 Rc5 26. a4 Ra5 27. Rb4 Kd7 28. Ke3 Kc7 29. Be4 Bxe4 30. Kxe4 Rh8 31. Rh6 Kc6 32. Kd3 b6 33. g4 0-1

[Event "Caioba Telecom op"]
[Site "Caioba"]
[Date "2017.09.30"]
[Round "6"]
[White "Lisboa, Joana Cunha"]
[Black "Da Silva, Daniel Pereira"]
[Result "0-1"]
[WhiteElo "1486"]
[BlackElo "1731"]
[PlyCount "76"]
[EventDate "2017.09.28"]
[EventType "swiss"]
[EventRounds "8"]
[EventCountry "BRA"]
[SourceTitle "EXT 2018"]
[Source "ChessBase"]
[SourceDate "2017.10.13"]
[SourceVersion "1"]
[SourceVersionDate "2017.10.13"]
[SourceQuality "1"]

1. Nf3 Nf6 2. c4 c5 3. Nc3 b6 4. g3 Bb7 5. Bg2 e6 6. 0-0 Be7 7. Rb1 Qc8 8. d3 0-0 9. a3 Nc6 10. Bd2 h6 11. Na2 d5 12. Qc2 Rd8 13. Rfc1 dxc4 14. Qxc4 Bf8 15. b4 Qd7 16. b5 Nd4 17. Nxd4 Bxg2 18. Nxe6 Bd5 19. Qc2 Bxe6 20. Nc3 Bf5 21. Nd1 Be6 22. Ne3 Nd5 23. Nc4 Nc7 24. Ne5 Qd5 25. Nc4 Qh5 26. Bf4 Nd5 27. Be5 Nf6 28. Bxf6 gxf6 29. Ne3 Bd6 30. f3 f5 31. Kh1 Bxg3 32. Nf1 Be5 33. Qd1 Kh8 34. e3 Bd5 35. e4 fxe4 36. fxe4 Bxe4+ 37. dxe4 Rxd1 38. Rxd1 Qf3+ 0-1

[Event "Curitiba IEP&Copel op"]
[Site "Curitiba"]
[Date "2017.05.14"]
[Round "6"]
[White "Blau, Vitoria Caroline"]
[Black "Da Silva, Daniel Pereira"]
[Result "0-1"]
[WhiteElo "1334"]
[BlackElo "1778"]
[PlyCount "122"]
[EventDate "2017.05.12"]
[EventType "swiss"]
[EventRounds "6"]
[EventCountry "BRA"]
[SourceTitle "CBM 178 Extra"]
[Source "ChessBase"]
[SourceDate "2017.06.22"]
[SourceVersion "1"]
[SourceVersionDate "2017.06.22"]
[SourceQuality "1"]

1. d4 Nf6 2. c4 e6 3. Nc3 Bb4 4. Bd2 b6 5. Nf3 Bb7 6. e3 0-0 7. Be2 Re8 8. 0-0 Nc6 9. Qc2 Ne7 10. Rfd1 Ng6 11. a3 Bf8 12. e4 d5 13. e5 Ne4 14. Be3 Nxc3 15. Qxc3 Ne7 16. Rac1 Rc8 17. Qc2 dxc4 18. Bxc4 Bxf3 19. gxf3 Nf5 20. Qd2 Nxe3 21. Qxe3 g6 22. d5 Qh4 23. dxe6 fxe6 24. Qb3 Qe7 25. Bb5 Red8 26. Bc4 Rxd1+ 27. Rxd1 Re8 28. Bb5 Qg5+ 29. Kf1 Re7 30. Rd7 Qxe5 31. Rxe7 Bxe7 32. Bd7 Kf7 33. Qe3 Bd6 34. Qh6 Qxh2 35. Qxh2 Bxh2 36. b3 Bd6 37. a4 a5 38. Bb5 Kf6 39. Ke2 h5 40. Kd2 h4 41. Bf1 Kf5 42. Bh3+ Kf4 43. Ke2 e5 44. Be6 g5 45. Bh3 e4 46. fxe4 Kxe4 47. f3+ Kd4 48. Kd2 Bb4+ 49. Kc2 Ke3 50. Bg4 h3 51. Bxh3 Kxf3 52. Bf1 g4 53. Bb5 g3 54. Kd3 g2 55. Bc6+ Kf2 56. Bxg2 Kxg2 57. Kc4 Kf3 58. Kb5 Ke3 59. Kc6 Bd6 60. Kb5 Kd3 61. Kc6 Kc3 0-1